000
00284nam a2200121Ia 4500
008
240731s9999 xx 000 0 und d
022
_a
2325-5307
245
0
_a
Art Journal
260
_b
Routledge
856
_u
https://www.tandfonline.com/loi/rcaj20
942
_2
ddc
942
_c
TFEJ
999
_c
75420
_d
75420
945
_a
1
_b
Madushi Gamage
_c
1
_d
Madushi Gamage